000 01341nam0a22002771 4500
001 RU\INFOCOMM_327\NLR\5000026542
005 20250613111659.0
035 _a(NLR Aleph) 009593259
090 _a9263797
_c9263797
100 _a20130211d1981 |||y0rusy50 ca
101 0 _afre
102 _aRU
105 _ay z |||||
200 1 _aLa lutte commune des mouvements ouvrier et de libération nationale contre l'impérialisme, pour le progrès social
_eMatériaux de la Conf. sci. intern., Berlin, 20-24 oct. 1980
210 _aM.
_cÉd. de l'Agence de presse "Novosti"
_d1981
215 _a174 с.
_d16 см
300 _aВ вып. дан.: Совместная борьба рабочего и национально-освободительного движения против империализма, за социальный прогресс
606 0 _aАнтиимпериалистическое движение
_2nlr_sh1
620 _aМосква
686 _aТ3(0)63-41я431
_2rubbk
712 1 2 _aConférence scientifique internationale sur le thème "La lutte commune des mouvements ouvrier et de libération nationale contre l'impérialisme, pour le progrès social"
_eBerlin
_f1980
_4570
801 1 _aRU
_bInfocomm
_c20130211
801 0 _aRU
_bINFOCOMM
_gPSBO
852 _aNLR
_jИ25 Д-1/229
942 _cBOOK
980 _aNB